Country Flags #3 (Hard) - Statistics

General Stats
  • This quiz has been taken 103 times
  • The average score is 19 of 25
Answer Stats
Picture Answer % Correct
Spain
95%
Switzerland
95%
Poland
94%
Portugal
93%
Belgium
90%
Albania
88%
Netherlands
88%
Colombia
87%
Qatar
87%
Venezuela
82%
Bangladesh
81%
Serbia
78%
Indonesia
77%
Kazakhstan
76%
Bahrain
75%
Kosovo
75%
Lebanon
75%
Iraq
73%
Afghanistan
65%
Antigua and Barbuda
65%
Laos
65%
Armenia
63%
Kyrgyzstan
63%
Rwanda
60%
Oman
55%
No matching quizzes found
Score Distribution
Percent of People with Each Score
Percentile by Number Answered
Your Score History
You have not taken this quiz